|
|
|
|
| LEADER |
00000nam a22000007a 4500 |
| 005 |
20130114161251.0 |
| 007 |
cr ||| |||| |
| 008 |
130114e2012 sp ||||| |||| 00||0 spa d |
| 020 |
|
|
|a 978-84-9031-017-5
|
| 035 |
|
|
|a 6977
|
| 040 |
|
|
|a vLex
|
| 090 |
|
|
|c 3511
|d 3511
|
| 100 |
1 |
0 |
|a Garca̕-Andrade, Jos ̌Antonio
|
| 245 |
1 |
0 |
|a Miedo y crimen
|h [Recurso electrn̤ico] /
|c Jose Antonio Garca̕-Andrade
|
| 256 |
|
|
|a Servicio en ln̕ea
|
| 260 |
|
|
|a Madrid :
|b Dykinson,
|c 2012
|
| 300 |
|
|
|a 1 Recurso electrn̤ico
|
| 650 |
|
|
|a Derecho penal
|
| 650 |
|
|
|a Criminologa̕
|
| 650 |
|
|
|a Miedo
|
| 740 |
|
|
|a VLex Libros (Servicio en ln̕ea)
|
| 856 |
|
|
|a Servicio restringido
|u http://www.vlex.com/source/6977
|
| 942 |
|
|
|c BOOK
|
| 999 |
|
0 |
|a Criminal law
|
| 999 |
|
0 |
|a Criminology
|
| 999 |
|
0 |
|a Fear
|